Analýza internetovej ponuky e-learningu realizovaného firmami diplomová práca

Salvato in:
Dettagli Bibliografici
Autore principale: Follrich, Michal
Ente Autore: Fakulta hospodárskej informatiky EU. Katedra aplikovanej informatiky
Altri autori: Brixová, Janette
Natura: Libro
Lingua:slovacco
Pubblicazione: Bratislava 2011
Tags: Aggiungi Tag
Nessun Tag, puoi essere il primo ad aggiungerne!!

MARC

LEADER 00000nbm a2200000 4500
001 0140940
005 20161109102001.3
041 0 |a slo 
044 |a SK 
245 1 0 |a Analýza internetovej ponuky e-learningu realizovaného firmami  |b diplomová práca  |c Michal Follrich ; školiteľ: Janette Brixová 
264 1 |a Bratislava  |c 2011 
300 |a 64 s. 
100 1 |a Follrich, Michal 
700 1 |a Brixová, Janette 
710 2 |a Fakulta hospodárskej informatiky EU. Katedra aplikovanej informatiky